000
00308nam a2200133Ia 4500
008
230312s9999||||xx |||||||||||||| ||und||
082
_a
005.74
_b
OZS
100
_a
Ozsu M. Tamer
245
0
_a
Principles of Distributed Database Systems
300
_a
666
546
_a
Eng.
650
_a
Computer
942
_c
BK
999
_c
3015
_d
3015